000 00467nam a2200145Ia 4500
008 100204s9999 xx 000 0 und d
082 _b24742
100 _aकणेकर शिरिष
245 _aशिणेमा डॉट कॉम
260 _b"दिलीप प्रकाशन , पुणे"
_c2001
300 _a157
630 _aशिणेमा डॉट कॉम
730 _aशिणेमा डॉट कॉम
942 _cBOOK
999 _c470071
_d470068